[Event "Mittelfrank Regionalliga Sud-Ost 2223"]
[Site "Mittelfranken"]
[Date "2023.03.19"]
[Round "8.6"]
[White "Theiss, Johann"]
[Black "Nazari Salari, Shahrokh"]
[Result "0-1"]
[WhiteElo "1903"]
[BlackElo "1887"]
[PlyCount "70"]
[EventDate "2022.10.09"]
[EventType "team-tourn"]
[EventRounds "9"]
[EventCountry "GER"]
[SourceTitle "EXT 2024"]
[Source "ChessBase"]
[SourceDate "2023.10.10"]
[SourceVersion "1"]
[SourceVersionDate "2023.10.10"]
[SourceQuality "1"]
[WhiteTeam "Landau Dingolfing"]
[BlackTeam "Landshut"]
[WhiteTeamCountry "GER"]
[BlackTeamCountry "GER"]

1. d4 c5 2. d5 e5 3. e4 d6 4. c4 g6 5. Nc3 Bg7 6. g3 a6 7. Bg2 Ne7 8. Nf3 Nd7 9. 0-0 0-0 10. Ne1 b5 11. b3 Rb8 12. Nd3 bxc4 13. bxc4 Nb6 14. Nb2 f5 15. f3 Bd7 16. Bd2 Nbxd5 17. Rb1 Nxc3 18. Bxc3 Qc7 19. Qd2 Nc6 20. Nd3 Nd4 21. Rbc1 fxe4 22. fxe4 Rxf1+ 23. Rxf1 Rf8 24. Rxf8+ Bxf8 25. Nb2 Be6 26. Qd3 Qf7 27. Bd2 Bg4 28. h3 Be2 29. Qc3 Bf3 30. Qe3 Be2 31. Qc3 Nf3+ 32. Bxf3 Qxf3 33. Qxf3 Bxf3 34. Kf2 Bxe4 35. Bc3 Kf7 0-1

[Event "Mittelfrank Regionalliga Sud-Ost 2223"]
[Site "Mittelfranken"]
[Date "2022.11.27"]
[Round "3.6"]
[White "Nazari Salari, Shahrokh"]
[Black "Stocker, Rupert"]
[Result "1/2-1/2"]
[WhiteElo "1887"]
[BlackElo "1998"]
[PlyCount "98"]
[EventDate "2022.10.09"]
[EventType "team-tourn"]
[EventRounds "9"]
[EventCountry "GER"]
[SourceTitle "EXT 2024"]
[Source "ChessBase"]
[SourceDate "2023.10.10"]
[SourceVersion "1"]
[SourceVersionDate "2023.10.10"]
[SourceQuality "1"]
[WhiteTeam "Landshut"]
[BlackTeam "Groebenzell II"]
[WhiteTeamCountry "GER"]
[BlackTeamCountry "GER"]

1. Nf3 d5 2. g3 Nf6 3. Bg2 c6 4. 0-0 Bf5 5. Nh4 Bg4 6. h3 Bh5 7. d4 e6 8. b3 Nbd7 9. c4 Be7 10. Nc3 a5 11. Qc2 Rc8 12. g4 Bg6 13. Nxg6 hxg6 14. Bf4 0-0 15. Rad1 Re8 16. e4 dxe4 17. Nxe4 Nxe4 18. Bxe4 Nf8 19. Qd3 Bd6 20. Qg3 Bxf4 21. Qxf4 Qc7 22. Qxc7 Rxc7 23. f4 Nd7 24. Rfe1 Kf8 25. Kf2 Ra8 26. Re2 Nb8 27. d5 exd5 28. cxd5 cxd5 29. Rxd5 Nd7 30. Red2 Nc5 31. Bf3 Ke7 32. Re2+ Kf8 33. Red2 Ke7 34. Kg2 Rb8 35. h4 b6 36. Re2+ Kf8 37. h5 gxh5 38. Rxh5 Kg8 39. Kg3 Rd8 40. Reh2 Kf8 41. Re2 Kg8 42. Reh2 Kf8 43. Bd5 Rd6 44. Rh8+ Ke7 45. Re2+ Kf6 46. Re5 Rcd7 47. Bc4 g5 48. Rh6+ Kg7 49. Rxd6 gxf4+ 1/2-1/2